000 00203 a2200097 4500
001 90222
090 _c42553
_d42553
100 _aKenneth Lowther
245 _aEarly Man
260 _aKarachi
_bMarkaz-e-Ulum Islamia
942 _aNUST-CAE
999 _c325295
_d325295